JINNAH REINTERPRETED , THE JOURNEY FROM INDIAN NATIONALISM (Record no. 575151)
[ view plain ]
| 000 -LEADER | |
|---|---|
| fixed length control field | 00331nam a22001217a 4500 |
| 020 ## - INTERNATIONAL STANDARD BOOK NUMBER | |
| International Standard Book Number | 0-19-577550-3 |
| 082 ## - DEWEY DECIMAL CLASSIFICATION NUMBER | |
| Classification number | 923.295491 KHA'J |
| 100 ## - MAIN ENTRY--PERSONAL NAME | |
| Personal name | KHAIRI, SAAD R |
| 9 (RLIN) | 67349 |
| 245 ## - TITLE STATEMENT | |
| Title | JINNAH REINTERPRETED , THE JOURNEY FROM INDIAN NATIONALISM |
| 260 ## - PUBLICATION, DISTRIBUTION, ETC. | |
| Place of publication, distribution, etc. | KARACHI |
| Name of publisher, distributor, etc. | OXFORD UNIVERSITY PRESS |
| Date of publication, distribution, etc. | 1995 |
| 300 ## - PHYSICAL DESCRIPTION | |
| Extent | XX,495P |
| 942 ## - ADDED ENTRY ELEMENTS (KOHA) | |
| Koha item type | Book |
| Withdrawn status | Lost status | Damaged status | Not for loan | Permanent Location | Current Location | Shelving location | Date acquired | Total Checkouts | Full call number | Barcode | Date last seen | Price effective from | Koha item type |
|---|---|---|---|---|---|---|---|---|---|---|---|---|---|
| College of Electrical & Mechanical Engineering (CEME) | College of Electrical & Mechanical Engineering (CEME) | General Stacks | 08/01/2017 | 923.295491 KHA'J | CEME-28974 | 06/28/2021 | 06/28/2021 | Book |
